| 000 | 00472nam a2200169Ia 4500 | ||
|---|---|---|---|
| 003 | GCL | ||
| 008 | 140319s9999 xx 000 0 ara d | ||
| 040 |
_aGCL / _cGCL |
||
| 082 | 0 | 4 |
_a956.7 _bن م |
| 245 | 1 | 0 | _aالمدارس الشرايبة ببغداد وواسط ومكه |
| 300 | _a507 | ||
| 490 |
_aكتاب _v0 |
||
| 650 | 0 | 4 | _aالحضارة الاسلامية |
| 650 | 0 | 4 | _aالعراق - تاريخ |
| 650 | 0 | 4 | _aالمدارس - العراق |
| 942 |
_2ddc _cBK |
||
| 999 |
_c43089 _d43089 |
||